stranger things - Statistics

General Stats
  • This quiz has been taken 179 times
  • The average score is 14 of 19
Answers on the Grid
Answers color-coded by a green-red scale on the quiz's grid according to % correct below.
steve
brenda
mike
11
richie
joey
jonathan
vecna
robin
billie
jack
dustin
will
martin
restina
lucas
murruy
ted
yuri
alast
farcama
dorris
sally
nari
astrix
terry
kali
eddie
the demagorgan
rally
 
Answer Stats
Answer % Correct
vecna
86%
eddie
85%
lucas
82%
dustin
81%
steve
81%
the demagorgan
81%
will
81%
mike
80%
jonathan
79%
robin
79%
11
78%
ted
70%
murruy
65%
yuri
64%
billie
57%
kali
57%
martin
56%
terry
52%
dorris
40%
No matching quizzes found
Score Distribution
Percent of People with Each Score
Percentile by Number Answered
Your Score History
You have not taken this quiz